Interesting Facts True Or False #5 - Statistics

General Stats
  • This quiz has been taken 37 times
  • The average score is 9 of 16
Answer Stats
Question Answer % Correct
Two people were born on the same day in the same hospital. 24 years later, they got married. True
100%
The Parliament of the United Kingdom spent 700 hours debating whether to ban fox hunting, but only 7 hours debating whether to invade Iraq. True
100%
The entire state of Wyoming only has two escalators. True
100%
Mercury is slowly expanding. False
80%
Human saliva can help heal wounds. True
80%
Luke Skywalker's lightsaber has actually been to space. True
80%
There is a game called underwater hockey. You need a foot-long stick, three-pound puck and snorkeling gear to play. True
60%
The largest city in the world by area is about the size of Malaysia. False
40%
Over 300 beavers, part of a relocation effort, were parachuted into Southern Idaho. False
40%
Your brain produces enough electricity to power a 40-watt lightbulb for a week. False
40%
The longest pizza ever made was about 1,000 feet long. False
40%
The world's oldest female bodybuilder is 91 years old. False
20%
Reading is also a competitive sport. False
20%
Raindrops are usually shaped like pancakes. True
20%
Vanilla is used to make chocolate. True
20%
You are paralyzed when you dream. True
20%
No matching quizzes found
Score Distribution
Percent of People with Each Score
Percentile by Number Answered
Your Score History
You have not taken this quiz